Click Oceanic Countries - Statistics

General Stats
  • This quiz has been taken 62 times
  • The average score is 10 of 14
Answers on the Map
Answers color-coded by a green-red scale on the quiz's map according to % correct below.
 
Answer Stats
Answer % Correct
New Zealand
96%
Australia
93%
Papua New Guinea
89%
Fiji
85%
Federated States Of Micronesia
81%
Kiribati
74%
Vanuatu
74%
Solomon Islands
70%
Marshall Islands
63%
Palau
63%
Samoa
63%
Nauru
56%
Tuvalu
56%
Tonga
52%
No matching quizzes found
Score Distribution
Percent of People with Each Score
Percentile by Number Answered
Your Score History
You have not taken this quiz